[Event "Open Portugal 2019"]
[Site "Lisboa POR"]
[Date "2019.02.03"]
[Round "2.47"]
[White "Sörensen, Hampus"]
[Black "Guerreiro, Nuno"]
[Result "1-0"]
[WhiteElo "2289"]
[BlackElo "2064"]
[WhiteFideId "8703884"]
[BlackFideId "1903012"]
[WhiteCountry "SWE"]
[BlackCountry "POR"]
[PlyCount "49"]
[EventDate "2019.02.02"]

1. d4 Nc6 2. c4 e5 3. d5 Nb8 4. Nc3 Bb4 5. Qc2 a5 6. e4 d6 7. Nge2 Qf6 8. Ng3
Ne7 9. h4 h5 10. Be2 Qg6 11. Be3 b5 12. a3 Bxc3+ 13. Qxc3 b4 14. Qd2 Na6 15.
axb4 axb4 16. c5 dxc5 17. O-O Rb8 18. Rfc1 f5 19. Nxf5 Nxf5 20. exf5 Qf6 21. d6
cxd6 22. Bxa6 Bxf5 23. Bg5 Qe6 24. Bc4 Qd7 25. Ra6 1-0

[Event "Open Portugal 2019"]
[Site "Lisboa POR"]
[Date "2019.02.03"]
[Round "2.48"]
[White "Harshal, Shahi"]
[Black "Chingüün, Sumiya"]
[Result "1/2-1/2"]
[WhiteElo "2064"]
[BlackElo "2286"]
[WhiteFideId "5048257"]
[BlackFideId "4902572"]
[WhiteTitle "FM"]
[WhiteCountry "IND"]
[BlackCountry "MGL"]
[PlyCount "104"]
[EventDate "2019.02.02"]

1. e4 c5 2. Nf3 e6 3. d4 cxd4 4. Nxd4 a6 5. Bd3 Bc5 6. Nb3 Be7 7. c4 d6 8. O-O
Nf6 9. Nc3 Nbd7 10. f4 b6 11. Qe2 Bb7 12. Bd2 Qc7 13. Rae1 O-O 14. Kh1 Ne8 15.
Nd4 Bh4 16. Rd1 Bf6 17. Nf3 g6 18. f5 Ng7 19. Bf4 Rad8 20. Bc2 Ne5 21. fxg6 hxg6
22. Bb3 Nh5 23. Bh6 Rfe8 24. Nd2 Qe7 25. Be3 Nd7 26. Ba4 Be5 27. Nf3 Bxc3 28.
bxc3 Rf8 29. Bxd7 Rxd7 30. Bxb6 Rc8 31. c5 dxc5 32. Rxd7 Qxd7 33. Ne5 Qd6 34.
Qf2 f6 35. Nxg6 Bxe4 36. Nf4 Nxf4 37. Qxf4 Qxf4 38. Rxf4 f5 39. a4 Rc6 40. a5 c4
41. Kg1 Rd6 42. Rf2 Kg7 43. Re2 Kf6 44. Kf2 Rd3 45. g3 Kg5 46. Re3 Rd5 47. h3
Kf6 48. g4 Kg5 49. Bc7 Rd7 50. Be5 Rd2+ 51. Re2 Rd5 52. Bc7 Rd7 1/2-1/2

[Event "Open Portugal 2019"]
[Site "Lisboa POR"]
[Date "2019.02.03"]
[Round "2.50"]
[White "Bubalovic, Davorin"]
[Black "Andias, João"]
[Result "0-1"]
[WhiteElo "2249"]
[BlackElo "2039"]
[WhiteFideId "14500515"]
[BlackFideId "1900862"]
[WhiteTitle "FM"]
[WhiteCountry "CRO"]
[BlackCountry "POR"]
[PlyCount "76"]
[EventDate "2019.02.02"]

1. e4 c5 2. Nf3 e6 3. d4 cxd4 4. Nxd4 Nf6 5. Nc3 d6 6. Be2 Be7 7. Be3 Nc6 8. O-O
O-O 9. Kh1 Bd7 10. a4 Nxd4 11. Qxd4 Bc6 12. Rfd1 h6 13. f4 b6 14. Bf3 Qc7 15.
Qd3 Rfd8 16. Qe2 Rac8 17. Bd4 e5 18. Be3 Qb7 19. Qd3 exf4 20. Bxf4 g5 21. Be3 g4
22. Be2 Nxe4 23. Bxg4 Nxc3 24. bxc3 Bxg2+ 25. Kg1 Be4 26. Bxc8 Rxc8 27. Qd4 Kh7
28. Kf1 d5 29. Qe5 Rc6 30. Ke2 Bf6 31. Qh5 Bxc3 32. Rab1 Rg6 33. Rg1 Qa6+ 34.
Kf2 Rf6+ 35. Kg3 Rf3+ 36. Qxf3 Bxf3 37. Kxf3 Qxa4 38. Rg2 Qe4+ 0-1

[Event "Open Portugal 2019"]
[Site "Lisboa POR"]
[Date "2019.02.03"]
[Round "2.51"]
[White "Fernández Vallejo, Luis"]
[Black "Hernandez Munoz, Antonio Ramon"]
[Result "0-1"]
[WhiteElo "2063"]
[BlackElo "2249"]
[WhiteFideId "2296853"]
[BlackFideId "22241280"]
[WhiteCountry "ESP"]
[BlackCountry "ESP"]
[PlyCount "94"]
[EventDate "2019.02.02"]

1. e4 c5 2. Nf3 d6 3. d4 cxd4 4. Nxd4 Nf6 5. f3 e5 6. Nb3 a5 7. Bg5 Be7 8. c4 a4
9. Nc1 Qb6 10. Nd3 Be6 11. Na3 Nc6 12. Qd2 Nd4 13. Be3 Nh5 14. Kd1 O-O 15. g4
Nf6 16. Nb4 Qa5 17. Bxd4 exd4 18. Nd5 Qd8 19. Nxe7+ Qxe7 20. Qxd4 Nd7 21. Be2
Ne5 22. Rc1 h5 23. h3 Qf6 24. Rf1 Rfd8 25. f4 Nxg4 26. Qxf6 Nxf6 27. f5 Bd7 28.
Bf3 Bc6 29. Re1 Re8 30. Nb5 Bxe4 31. Bxe4 Rxe4 32. Rxe4 Nxe4 33. Rc2 Rc8 34. b3
axb3 35. axb3 Rc5 36. Nd4 d5 37. Ke2 dxc4 38. bxc4 Nd6 39. Kd3 h4 40. Rb2 Nxc4
41. Rb4 Nd6 42. Rb6 Nxf5 43. Rxb7 Nxd4 44. Kxd4 Rg5 45. Ke4 Rg3 46. Kf4 Rxh3 47.
Kg4 Rh1 0-1

[Event "Open Portugal 2019"]
[Site "Lisboa POR"]
[Date "2019.02.03"]
[Round "2.52"]
[White "Fossan, Aleksander"]
[Black "Palozza, Christian"]
[Result "0-1"]
[WhiteElo "2040"]
[BlackElo "2237"]
[WhiteFideId "1519794"]
[BlackFideId "895580"]
[BlackTitle "FM"]
[WhiteCountry "NOR"]
[BlackCountry "ITA"]
[PlyCount "97"]
[EventDate "2019.02.02"]

1. e4 c6 2. d4 d5 3. e5 c5 4. dxc5 e6 5. a3 Bxc5 6. b4 Bb6 7. Nf3 Ne7 8. Bd3 Ng6
9. Bb2 O-O 10. O-O Nf4 11. Re1 Nxd3 12. Qxd3 Bd7 13. Nbd2 Ba4 14. Nd4 Nc6 15.
Nxc6 bxc6 16. Nb3 Bxb3 17. cxb3 Qh4 18. g3 Bxf2+ 19. Kxf2 Qxh2+ 20. Kf3 Qxb2 21.
Rh1 h6 22. Rae1 f6 23. Re2 fxe5+ 24. Kg2 Qxa3 25. Rxh6 e4 26. Qe3 gxh6 27. Qxh6
Qa1 28. Qxe6+ Rf7 29. Rf2 Raf8 30. Rf4 Qb2+ 31. Kh3 Qh8+ 32. Kg2 Qb2+ 33. Kh3
Qc1 34. Qg6+ Rg7 35. Qe6+ Rff7 36. Qe8+ Kh7 37. Rh4+ Kg6 38. Qe6+ Rf6 39. Qe8+
Kf5 40. Rh5+ Rg5 41. Qd7+ Re6 42. Qf7+ Ke5 43. Qg7+ Kd6 44. Rxg5 Qh1+ 45. Kg4
Qf3+ 46. Kh4 e3 47. Rg6 Qe4+ 48. Kh5 Qh1+ 49. Kg5 0-1

[Event "Open Portugal 2019"]
[Site "Lisboa POR"]
[Date "2019.02.03"]
[Round "2.53"]
[White "Nordquelle, Daniel"]
[Black "Gjestemoen-VonHirsch, André"]
[Result "1/2-1/2"]
[WhiteElo "2235"]
[BlackElo "2038"]
[WhiteFideId "1519042"]
[BlackFideId "1539531"]
[WhiteTitle "FM"]
[WhiteCountry "NOR"]
[BlackCountry "NOR"]
[PlyCount "71"]
[EventDate "2019.02.02"]

1. e4 g6 2. g3 Bg7 3. Bg2 d6 4. Ne2 Nf6 5. O-O O-O 6. d4 e5 7. c3 Nbd7 8. Qc2 c6
9. b3 b5 10. a4 bxa4 11. Rxa4 a5 12. Rd1 Ba6 13. Ba3 Ne8 14. dxe5 Qb8 15. c4
Nxe5 16. Nbc3 Qb6 17. Bxd6 Nxd6 18. Rxd6 Rfb8 19. Nc1 Bf8 20. Rd1 Rd8 21. Ra2
Bb4 22. N1e2 Ra7 23. Raa1 Rad7 24. Rxd7 Rxd7 25. h3 Nd3 26. Rf1 Bc5 27. Nc1 Nb4
28. Qe2 Bd4 29. Nb1 a4 30. Kh2 Qc5 31. Rd1 axb3 32. Nxb3 Bxc4 33. Nxc5 Bxe2 34.
Rd2 Rd8 35. Nb3 Bd3 36. Nxd4 1/2-1/2

[Event "Open Portugal 2019"]
[Site "Lisboa POR"]
[Date "2019.02.03"]
[Round "2.54"]
[White "Darnell, Anton"]
[Black "Corbalán Gómez, Juan José"]
[Result "1/2-1/2"]
[WhiteElo "2039"]
[BlackElo "2235"]
[WhiteFideId "1720244"]
[BlackFideId "2260492"]
[WhiteCountry "SWE"]
[BlackCountry "ESP"]
[PlyCount "132"]
[EventDate "2019.02.02"]

1. d4 Nf6 2. c4 e6 3. Nc3 Bb4 4. Qc2 O-O 5. a3 Bxc3+ 6. Qxc3 d5 7. Nf3 dxc4 8.
Qxc4 b6 9. Bg5 Ba6 10. Qa4 Qd7 11. Qc2 Bb7 12. Bxf6 gxf6 13. e3 Rc8 14. Bd3 c5
15. Bxh7+ Kg7 16. Be4 cxd4 17. Qd3 Bxe4 18. Qxe4 dxe3 19. O-O e2 20. Rfe1 Nc6
21. Rxe2 Ne7 22. Rd2 Qc7 23. Rad1 Ng6 24. Rd7 Qc6 25. Qxc6 Rxc6 26. Nd4 Rc4 27.
Nxe6+ Kg8 28. Nc7 Rc8 29. Nd5 Kg7 30. Ne3 R8c7 31. g3 b5 32. Nf5+ Kg8 33. Rxc7
Rxc7 34. Rd5 Rb7 35. b4 Kh7 36. Nd4 Ne7 37. Rxb5 Rd7 38. Nf5 Nd5 39. Rc5 Nb6 40.
Ne3 Kg6 41. h4 Kh6 42. Ng4+ Kg7 43. Ne3 Kh6 44. Kg2 Kg7 45. Nc4 Nd5 46. Kf3 Nc7
47. Kg2 Nd5 48. Ne3 Nb6 49. g4 Kh7 50. Kg3 Kg7 51. Rc6 Rd3 52. Kf4 Rxa3 53. Nf5+
Kg8 54. Rd6 Ra4 55. Ne7+ Kg7 56. Nc6 a5 57. Nxa5 Rxb4+ 58. Kg3 Nc8 59. Rd3 Ne7
60. Nb3 Nc6 61. f4 Rc4 62. Nd2 Rc1 63. Nf3 Nb4 64. Rd2 Rc3 65. Kg2 Nd3 66. f5
Nf4+ 1/2-1/2

[Event "Open Portugal 2019"]
[Site "Lisboa POR"]
[Date "2019.02.03"]
[Round "2.55"]
[White "Ranaldi, Lucas"]
[Black "Jorge, Rita"]
[Result "0-1"]
[WhiteElo "2229"]
[BlackElo "1902"]
[WhiteFideId "1519484"]
[BlackFideId "1923161"]
[WhiteTitle "FM"]
[BlackTitle "WFM"]
[WhiteCountry "NOR"]
[BlackCountry "POR"]
[PlyCount "90"]
[EventDate "2019.02.02"]

1. c4 e6 2. Nc3 d5 3. d4 Bb4 4. e3 Nf6 5. a3 Bxc3+ 6. bxc3 c6 7. cxd5 cxd5 8.
Bd3 O-O 9. Ne2 b6 10. O-O Bb7 11. f3 Nc6 12. e4 Ne8 13. Qc2 g6 14. Bh6 Ng7 15.
e5 Na5 16. f4 f5 17. exf6 Qxf6 18. Rf3 Rfe8 19. Bxg7 Kxg7 20. Rg3 Kh8 21. Rh3
Kg7 22. Rg3 Kh8 23. h4 Re7 24. h5 gxh5 25. Rg5 Rg7 26. Rxh5 Qf7 27. Rh2 Nc4 28.
Kh1 Ne3 29. Qd2 Ng4 30. Rh4 Qf6 31. g3 Nf2+ 32. Kh2 Rag8 33. Rg1 Ng4+ 34. Kh1 e5
35. dxe5 d4+ 36. Rg2 Bxg2+ 37. Kxg2 Qc6+ 38. Kg1 Qf3 39. cxd4 Qf2+ 40. Kh1 Qf3+
41. Kg1 Qf2+ 42. Kh1 Qf1+ 43. Ng1 Nf2+ 44. Kh2 Nxd3 45. Qe3 Rxg3 0-1

[Event "Open Portugal 2019"]
[Site "Lisboa POR"]
[Date "2019.02.03"]
[Round "2.56"]
[White "Gkogkas, Dimitrios"]
[Black "Rego, Pedro"]
[Result "1/2-1/2"]
[WhiteElo "2004"]
[BlackElo "2228"]
[WhiteFideId "4200462"]
[BlackFideId "1904310"]
[BlackTitle "FM"]
[WhiteCountry "GRE"]
[BlackCountry "POR"]
[PlyCount "156"]
[EventDate "2019.02.02"]

1. Nf3 Nf6 2. c4 e6 3. Nc3 d5 4. d4 Be7 5. Bf4 c6 6. e3 Nbd7 7. h3 b6 8. Bd3 Bb7
9. O-O O-O 10. Qe2 c5 11. cxd5 exd5 12. dxc5 bxc5 13. Ba6 Qb6 14. Bxb7 Qxb7 15.
Rfd1 Nb6 16. Rac1 Rac8 17. Qb5 Rfd8 18. Qe2 a6 19. Rc2 h6 20. b3 Bd6 21. Bxd6
Rxd6 22. Rcd2 Re6 23. Qd3 Qc7 24. Qb1 Rce8 25. Rc2 Rd8 26. Rdc1 Qe7 27. Rd1 Red6
28. Qc1 R8d7 29. Qa3 Ne4 30. Na4 Nxa4 31. Qxa4 Rg6 32. Qa5 Rdd6 33. Qe1 Qf6 34.
Kh1 Kh7 35. Rdc1 Qe7 36. Nd2 Qg5 37. Qg1 Nxd2 38. Rxd2 d4 39. Rcd1 Qe5 40. exd4
Rxd4 41. Rxd4 cxd4 42. f3 Qe2 43. Rxd4 Qxa2 44. b4 Qc2 45. Rg4 Rd6 46. Qe3 Rd1+
47. Kh2 Qc7+ 48. Qf4 Qxf4+ 49. Rxf4 Kg6 50. Rc4 Rd6 51. Kg3 Kf5 52. Rc5+ Ke6 53.
b5 a5 54. b6 Rxb6 55. Rxa5 f5 56. h4 Kf6 57. Rc5 g5 58. hxg5+ hxg5 59. Ra5 Kg6
60. Ra8 Kh7 61. Ra7+ Kh6 62. Ra8 Kg7 63. Ra7+ Kf6 64. Ra5 Rd6 65. Rb5 Kg6 66.
Rb8 Kg7 67. Rb7+ Kf6 68. Rb5 Re6 69. Rb8 Kg7 70. Rb7+ Kg6 71. Rb5 Re2 72. Rb6+
Kh5 73. Rb5 f4+ 74. Kh3 Re1 75. Kh2 Re6 76. Rb8 Re2 77. Kg1 Kg6 78. Kf1 Re6
1/2-1/2

[Event "Open Portugal 2019"]
[Site "Lisboa POR"]
[Date "2019.02.03"]
[Round "2.57"]
[White "Pietruszewski, Marcin"]
[Black "Newton, Andrew"]
[Result "1-0"]
[WhiteElo "2226"]
[BlackElo "1883"]
[WhiteFideId "1170295"]
[BlackFideId "2403285"]
[WhiteCountry "POL"]
[BlackCountry "SCO"]
[PlyCount "59"]
[EventDate "2019.02.02"]

1. e4 e5 2. Nf3 Nc6 3. d4 exd4 4. Nxd4 Nf6 5. Nxc6 bxc6 6. e5 Qe7 7. Qe2 Nd5 8.
h4 f6 9. c4 Ba6 10. exf6 Nxf6 11. Nc3 O-O-O 12. Qxe7 Bxe7 13. Be2 Bb4 14. Rh3
Rhe8 15. a3 Bxc3+ 16. Rxc3 d5 17. Re3 Rxe3 18. Bxe3 d4 19. Bg5 d3 20. Bg4+ Kb8
21. Bxf6 gxf6 22. b3 Rd4 23. Bf3 Rxh4 24. Kd2 c5 25. Re1 Bc8 26. Re8 c6 27. g3
Rd4 28. Bxc6 Kc7 29. Bd5 Bf5 30. Rf8 1-0

[Event "Open Portugal 2019"]
[Site "Lisboa POR"]
[Date "2019.02.03"]
[Round "2.62"]
[White "Sukandar, Irine Kharisma"]
[Black "Taylor, Robert Graham"]
[Result "1-0"]
[WhiteElo "2397"]
[BlackElo "1809"]
[WhiteFideId "7101937"]
[BlackFideId "1800841"]
[WhiteTitle "IM"]
[WhiteCountry "INA"]
[BlackCountry "WLS"]
[PlyCount "69"]
[EventDate "2019.02.02"]

1. e4 c5 2. Nf3 e6 3. d4 cxd4 4. Nxd4 Nc6 5. Nc3 Qc7 6. Be3 a6 7. Bd3 b5 8. Nxc6
dxc6 9. a4 b4 10. Nb1 Nf6 11. O-O Be7 12. Nd2 Bb7 13. Nc4 c5 14. Qf3 O-O 15. Bf4
Qc6 16. Rfe1 Rad8 17. Qh3 g6 18. Re3 Nh5 19. Bh6 Ng7 20. Ne5 Qe8 21. Ng4 f6 22.
Bc4 Bc8 23. Rae1 Kh8 24. e5 f5 25. Nf6 Qf7 26. b3 Bxf6 27. exf6 Qxf6 28. Bf4 Rf7
29. Qh6 g5 30. Qxf6 Rxf6 31. Bxg5 Rff8 32. Bxd8 Rxd8 33. Rd3 Rxd3 34. cxd3 Kg8
35. Re5 1-0

[Event "Open Portugal 2019"]
[Site "Lisboa POR"]
[Date "2019.02.03"]
[Round "2.63"]
[White "Fanha, Paulo"]
[Black "Martín Duque, Jesus"]
[Result "0-1"]
[WhiteElo "1884"]
[BlackElo "2393"]
[WhiteFideId "1902148"]
[BlackFideId "2208954"]
[WhiteTitle "CM"]
[BlackTitle "FM"]
[WhiteCountry "POR"]
[BlackCountry "ESP"]
[PlyCount "70"]
[EventDate "2019.02.02"]

1. e4 e6 2. Nf3 d5 3. e5 c5 4. b4 cxb4 5. a3 Nc6 6. axb4 Bxb4 7. c3 Be7 8. d4
Nh6 9. Bxh6 gxh6 10. Bd3 Bd7 11. O-O Rc8 12. Nbd2 Na5 13. Qb1 Rxc3 14. Bxh7 Qb6
15. Bc2 Qxb1 16. Rfxb1 b6 17. Ba4 Bxa4 18. Rxa4 Kd7 19. Kf1 Rhc8 20. Ke2 Ra3 21.
Rxa3 Bxa3 22. h4 Be7 23. h5 Nc6 24. Nf1 Rb8 25. Ne3 a5 26. Ng4 Bf8 27. Kd3 Nb4+
28. Kd2 a4 29. Ne1 a3 30. Ne3 b5 31. N1c2 Nc6 32. Kd3 b4 33. Na1 Na5 34. Nec2 b3
35. Kd2 b2 0-1

[Event "Open Portugal 2019"]
[Site "Lisboa POR"]
[Date "2019.02.03"]
[Round "2.65"]
[White "Fielding, Michael"]
[Black "Pacan-Milej, Kosma"]
[Result "0-1"]
[WhiteElo "1791"]
[BlackElo "2273"]
[WhiteFideId "447269"]
[BlackFideId "21800537"]
[BlackTitle "FM"]
[WhiteCountry "ENG"]
[BlackCountry "POL"]
[PlyCount "168"]
[EventDate "2019.02.02"]

1. d4 Nf6 2. c4 c5 3. d5 b5 4. cxb5 a6 5. bxa6 g6 6. Nc3 Bg7 7. e4 O-O 8. e5 Ne8
9. Nf3 d6 10. Bf4 Nd7 11. exd6 Nxd6 12. Be2 Qb6 13. Qb3 Bxa6 14. Qxb6 Nxb6 15.
Be5 Bxe2 16. Kxe2 Na4 17. Bxg7 Kxg7 18. Nxa4 Rxa4 19. Rhc1 c4 20. b3 cxb3 21.
axb3 Rb4 22. Nd2 Rb5 23. Nc4 Nf5 24. Ra7 Rxd5 25. Ne3 Re5 26. Rd7 Rb8 27. Rb1
Nxe3 28. fxe3 Rb4 29. Rd3 Rh5 30. h3 Rg5 31. Kf3 Rf5+ 32. Ke2 Rfb5 33. Kd2 Rg5
34. Kc3 Rbb5 35. Rb2 Rbc5+ 36. Kb4 Rc1 37. Rdd2 Re5 38. Re2 Kf6 39. Rbd2 Re4+
40. Rd4 Ke5 41. Rc4 Rb1 42. Kc3 f5 43. Rc7 Kd6 44. Ra7 Kc5 45. Rc7+ Kb6 46. Rd7
Rc1+ 47. Kb2 Rc5 48. Rd4 Rce5 49. Rxe4 Rxe4 50. Kc3 Kb5 51. Kd3 Kb4 52. Rf2 Kxb3
53. g4 e6 54. gxf5 exf5 55. Rf4 Re5 56. Kd4 Re7 57. Kd3 Rd7+ 58. Ke2 Kc3 59. Ra4
Re7 60. Ra3+ Kc4 61. Ra4+ Kd5 62. Ra6 Ke4 63. Ra4+ Ke5 64. Kf3 Kf6 65. Ra6+ Kg5
66. Ra4 Rb7 67. Rc4 Rb1 68. Kg2 Rd1 69. Kf3 Kh5 70. Ra4 Rd6 71. Rb4 Re6 72. Rd4
g5 73. Ra4 Kg6 74. Rd4 h5 75. Kf2 h4 76. Ra4 Rb6 77. Rc4 Rb2+ 78. Kg1 Re2 79.
Rc3 Kf6 80. Rc6+ Ke5 81. Rg6 Rxe3 82. Rxg5 Rg3+ 83. Rxg3 hxg3 84. Kg2 f4 0-1

[Event "Open Portugal 2019"]
[Site "Lisboa POR"]
[Date "2019.02.03"]
[Round "2.66"]
[White "Sande Edreira, José"]
[Black "Marques, Afonso"]
[Result "1-0"]
[WhiteElo "2244"]
[BlackElo "1662"]
[WhiteFideId "2204487"]
[BlackFideId "1947184"]
[WhiteTitle "FM"]
[WhiteCountry "ESP"]
[BlackCountry "POR"]
[PlyCount "63"]
[EventDate "2019.02.02"]

1. c4 Nf6 2. g3 e6 3. Nf3 Be7 4. Bg2 O-O 5. O-O d5 6. b3 c6 7. Bb2 b6 8. e3 Bb7
9. Nc3 Nbd7 10. Qe2 Rc8 11. d3 c5 12. e4 d4 13. Nb1 e5 14. Nbd2 Qc7 15. Nh4 Rfe8
16. Rae1 Bf8 17. Bc1 Nb8 18. f4 Nc6 19. Bh3 Rcd8 20. Ndf3 Qb8 21. fxe5 Nxe5 22.
Nxe5 Qxe5 23. Nf5 Qc7 24. Bg5 Qc6 25. Nh6+ gxh6 26. Bxf6 Bc8 27. Bxc8 Qxc8 28.
Rf4 Bd6 29. e5 Bxe5 30. Qg4+ Qxg4 31. Rxg4+ Kf8 32. Bxe5 1-0

[Event "Open Portugal 2019"]
[Site "Lisboa POR"]
[Date "2019.02.03"]
[Round "2.67"]
[White "Santos, Ana P"]
[Black "Fernandes, Alberto"]
[Result "0-1"]
[WhiteElo "1563"]
[BlackElo "2072"]
[WhiteFideId "1921550"]
[BlackFideId "1900277"]
[BlackTitle "NM"]
[WhiteCountry "POR"]
[BlackCountry "POR"]
[PlyCount "56"]
[EventDate "2019.02.02"]

1. e4 e5 2. Nf3 Nc6 3. d4 exd4 4. Nxd4 Bc5 5. Be3 Qf6 6. c3 Nge7 7. Bc4 Qg6 8.
O-O O-O 9. Nxc6 Qxc6 10. Bd4 d6 11. Qe2 Bxd4 12. cxd4 d5 13. Bb3 dxe4 14. f3 Nf5
15. d5 Qb6+ 16. Kh1 exf3 17. Qxf3 Nd4 18. Qc3 Nxb3 19. axb3 Bd7 20. Nd2 Qd6 21.
Qd4 Be6 22. Ra5 b6 23. Ne4 Qd8 24. Ra4 Bxd5 25. Nf6+ gxf6 26. Qg4+ Kh8 27. Qh3
Rg8 28. Rh4 Bxg2+ 0-1

[Event "Open Portugal 2019"]
[Site "Lisboa POR"]
[Date "2019.02.03"]
[Round "2.68"]
[White "Soares, Luís"]
[Black "Pina, Tiago"]
[Result "1-0"]
[WhiteElo "2036"]
[BlackElo "1507"]
[WhiteFideId "1904124"]
[BlackFideId "1950673"]
[WhiteCountry "POR"]
[BlackCountry "POR"]
[PlyCount "61"]
[EventDate "2019.02.02"]

1. d4 Nf6 2. c4 e6 3. Nc3 Bb4 4. Nf3 b6 5. e3 O-O 6. Bd3 Bb7 7. O-O c5 8. Bd2
cxd4 9. Nxd4 Nc6 10. a3 Nxd4 11. exd4 Bxc3 12. Bxc3 d5 13. c5 Ne4 14. Bxe4 dxe4
15. b4 Qd5 16. Qe2 Rfd8 17. Rfd1 Rac8 18. Rac1 h6 19. Bb2 f5 20. b5 Rc7 21. c6
Bc8 22. a4 a5 23. Qc4 Re8 24. Ba3 Rd8 25. Rc2 Kf7 26. Qc3 g5 27. Bc1 e5 28. Rcd2
Qe6 29. d5 Qe8 30. d6 Ra7 31. Qe3 1-0

[Event "Open Portugal 2019"]
[Site "Lisboa POR"]
[Date "2019.02.03"]
[Round "2.69"]
[White "Aizpurua Zufiria, Iñaki"]
[Black "Gentes Benito, Ángel"]
[Result "0-1"]
[WhiteElo "1434"]
[BlackElo "1907"]
[WhiteFideId "2269791"]
[BlackFideId "2225549"]
[WhiteCountry "ESP"]
[BlackCountry "ESP"]
[PlyCount "74"]
[EventDate "2019.02.02"]

1. f4 Nf6 2. Nf3 d5 3. e3 g6 4. Be2 Bg7 5. c3 Nbd7 6. d3 O-O 7. O-O c6 8. Qe1
Qb6 9. Qh4 Nh5 10. Kh1 Bf6 11. Ng5 h6 12. Bxh5 gxh5 13. Qxh5 hxg5 14. fxg5 Bg7
15. d4 Qa6 16. Nd2 Qd3 17. Rf3 Qh7 18. Qxh7+ Kxh7 19. e4 dxe4 20. Nxe4 Nb6 21.
b3 Nd5 22. Bd2 Bg4 23. Rf2 b6 24. h3 Bh5 25. g4 Bg6 26. Ng3 e5 27. Nh5 exd4 28.
Nxg7 dxc3 29. Bxc3 Nxc3 30. Nh5 Ne4 31. Nf6+ Kg7 32. Nxe4 Bxe4+ 33. Kh2 Rae8 34.
Rd2 Bd5 35. h4 Re4 36. Rg1 Rfe8 37. h5 Re2+ 0-1

[Event "Open Portugal 2019"]
[Site "Lisboa POR"]
[Date "2019.02.03"]
[Round "2.71"]
[White "Costa, Fábio"]
[Black "Horta, António"]
[Result "1-0"]
[WhiteElo "1279"]
[BlackElo "1887"]
[WhiteFideId "1961063"]
[BlackFideId "1916971"]
[WhiteCountry "POR"]
[BlackCountry "POR"]
[PlyCount "53"]
[EventDate "2019.02.02"]

1. d4 Nf6 2. Bf4 g6 3. e3 Bg7 4. Nf3 O-O 5. Be2 d6 6. h3 Nbd7 7. O-O c5 8. c3
Qb6 9. Qb3 Qxb3 10. axb3 Re8 11. Bh2 e5 12. Re1 Nd5 13. Na3 Nc7 14. Nc4 Nb5 15.
Ncxe5 Nxd4 16. exd4 dxe5 17. dxe5 Nf8 18. Bc4 Be6 19. Bxe6 Nxe6 20. Nd2 Bh6 21.
Nc4 Nf4 22. Nd6 Re7 23. Rad1 Kg7 24. h4 a6 25. g4 Nh3+ 26. Kg2 Nf4+ 27. Kf3 1-0

[Event "Open Portugal 2019"]
[Site "Lisboa POR"]
[Date "2019.02.03"]
[Round "2.72"]
[White "Le Gall, Eric"]
[Black "Christiansen, Johan-Sebastian"]
[Result "0-1"]
[WhiteElo "1758"]
[BlackElo "2559"]
[WhiteFideId "636690"]
[BlackFideId "1512668"]
[BlackTitle "GM"]
[WhiteCountry "FRA"]
[BlackCountry "NOR"]
[PlyCount "50"]
[EventDate "2019.02.02"]

1. e4 e5 2. f4 d5 3. exd5 exf4 4. Nf3 Nf6 5. Bc4 Nxd5 6. O-O Be7 7. d4 c6 8. Nc3
O-O 9. Bxd5 cxd5 10. Bxf4 Nc6 11. Qd2 Bf6 12. Be5 Bxe5 13. Nxe5 Ne7 14. Rae1 Be6
15. Qe2 Ng6 16. Qf3 Qb6 17. Qd3 Qxb2 18. Rb1 Nxe5 19. dxe5 Qa3 20. Rxb7 Qc5+ 21.
Kh1 d4 22. Ne4 Qxe5 23. Rb5 Bd5 24. Ng3 Rad8 25. Nf5 Rfe8 0-1

[Event "Open Portugal 2019"]
[Site "Lisboa POR"]
[Date "2019.02.03"]
[Round "2.73"]
[White "Krishna Teja, N."]
[Black "Rego, João Rui"]
[Result "1-0"]
[WhiteElo "2391"]
[BlackElo "1761"]
[WhiteFideId "5001498"]
[BlackFideId "1934465"]
[WhiteTitle "IM"]
[WhiteCountry "IND"]
[BlackCountry "POR"]
[PlyCount "77"]
[EventDate "2019.02.02"]

1. d4 d5 2. c4 e6 3. Nc3 Nf6 4. cxd5 exd5 5. Bg5 Nbd7 6. e3 c6 7. Bd3 Bd6 8. Qc2
h6 9. Bh4 O-O 10. Nge2 Qc7 11. h3 Re8 12. g4 g5 13. Bg3 Nf8 14. O-O-O b5 15.
Nxb5 cxb5 16. Qxc7 Bxc7 17. Bxc7 Bxg4 18. hxg4 Rac8 19. Rdg1 Rxc7+ 20. Kd2 Ng6
21. Rxh6 Kg7 22. Rh3 Rec8 23. Ng3 Nh4 24. Rxh4 gxh4 25. Nf5+ Kf8 26. f3 Ne8 27.
Rh1 Ng7 28. Nd6 Rb8 29. Rxh4 Ke7 30. Nf5+ Nxf5 31. Bxf5 Rg8 32. Rh6 f6 33. Bd3
b4 34. Rh5 Kd6 35. Bc2 Rg5 36. Rh8 Kc6 37. Rf8 Kb5 38. Rxf6 Rd7 39. Bd3+ 1-0

[Event "Open Portugal 2019"]
[Site "Lisboa POR"]
[Date "2019.02.03"]
[Round "2.74"]
[White "Plichta, Kamil"]
[Black "Costa, Américo"]
[Result "1-0"]
[WhiteElo "2347"]
[BlackElo "1755"]
[WhiteFideId "1141830"]
[BlackFideId "1903373"]
[WhiteTitle "FM"]
[WhiteCountry "POL"]
[BlackCountry "POR"]
[PlyCount "131"]
[EventDate "2019.02.02"]

1. d4 d5 2. c4 e6 3. Nc3 f5 4. cxd5 exd5 5. e4 dxe4 6. Bc4 Nf6 7. Nh3 c5 8. Ng5
cxd4 9. Nf7 Qb6 10. Nxh8 dxc3 11. Bf7+ Ke7 12. bxc3 Na6 13. Ba3+ Nc5 14. Qd4
Nfd7 15. Rd1 Kd8 16. O-O Nd3 17. Bxf8 Qxd4 18. cxd4 Nxf8 19. f3 Be6 20. fxe4
fxe4 21. d5 Bg4 22. Rd2 Ke7 23. h3 Bd7 24. d6+ Kxd6 25. Bc4 Be6 26. Bxd3 exd3
27. Rxd3+ Ke7 28. Re3 Nd7 29. Nf7 h6 30. a3 Rf8 31. Ne5 Rxf1+ 32. Kxf1 Nc5 33.
Kf2 Kd6 34. Nd3 Nd7 35. Nf4 Bf7 36. Kf3 Nf6 37. Rc3 g5 38. Rd3+ Kc7 39. Ne2 Bd5+
40. Kf2 Bc4 41. Rf3 Nd7 42. Nd4 b5 43. Ke3 a5 44. Kd2 b4 45. axb4 axb4 46. Nc2
b3 47. Rc3 bxc2 48. Rxc4+ Kd6 49. Rxc2 h5 50. Ke3 Ke5 51. Ra2 Nf6 52. Ra5+ Nd5+
53. Kf3 Kd4 54. Ra8 Nf6 55. g3 Ke5 56. Ra5+ Nd5 57. Rc5 Kd4 58. Rb5 Ke5 59. g4
h4 60. Ra5 Kd4 61. Ra7 Ke5 62. Rf7 Ke6 63. Rf5 Nf4 64. Rxf4 gxf4 65. Kxf4 Kf6
66. g5+ 1-0

[Event "Open Portugal 2019"]
[Site "Lisboa POR"]
[Date "2019.02.03"]
[Round "2.75"]
[White "Korneev Leskova, Svyatoslav"]
[Black "Barros, Luís"]
[Result "1-0"]
[WhiteElo "2223"]
[BlackElo "1751"]
[WhiteFideId "22267565"]
[BlackFideId "23600110"]
[WhiteCountry "ESP"]
[BlackCountry "CPV"]
[PlyCount "117"]
[EventDate "2019.02.02"]

1. c4 c5 2. g3 Nf6 3. Bg2 e6 4. Nc3 Nc6 5. Nf3 d5 6. cxd5 Nxd5 7. O-O Be7 8. d4
cxd4 9. Nxd5 exd5 10. Nxd4 O-O 11. Be3 f5 12. Rc1 Nxd4 13. Qxd4 Be6 14. Qe5 Qd6
15. Qxd6 Bxd6 16. Rfd1 f4 17. Bc5 Bxc5 18. Rxc5 Rae8 19. Rd2 b6 20. Rc6 Kh8 21.
Rd6 Bg4 22. Kf1 h5 23. R6xd5 fxg3 24. hxg3 Rf5 25. f3 g6 26. Rd8 Ref8 27. Kg1
Kg7 28. Rxf8 Kxf8 29. fxg4 hxg4 30. Rd4 Re5 31. Re4 Ra5 32. a3 Rg5 33. Rc4 a5
34. Rc6 Rb5 35. b4 axb4 36. a4 Ra5 37. Rxb6 Rxa4 38. Kf2 Kg7 39. Bc6 Ra5 40.
Rxb4 Rc5 41. Bd7 Kf6 42. Bxg4 g5 43. Rb6+ Ke5 44. Rg6 Kd4 45. e3+ Ke4 46. Re6+
Kd3 47. Be2+ Kd2 48. Rd6+ Kc3 49. e4 Re5 50. Ke3 Re8 51. Rc6+ Kb4 52. Rc4+ Kb3
53. Rc5 Rd8 54. Rxg5 Kb4 55. g4 Rc8 56. Rd5 Rc3+ 57. Kf4 Rc2 58. Bf3 Rc8 59. g5
1-0